00696nam a2200193 a 450000500170000000800410001702000170005805000230007510000230009824500490012126000350017030000070020544000180021250000320023052001750026265000230043765000220046065000200048220140412111409.0070718s19uu xx 00 eng d a0-68985876-0 aTR(PS EbPl69 2004 aMcnamara, Margaret aThe playground problem /cMargaret Mcnamara. aNew York :bScholastic,c2004. a32 aReady to read a"Level 1, starting to read" aWhen first grades Nick, Jamie and Reza refuse to let emma join their soccer game just because she is a girl, Emma and her father devise a plan to teach the boys a lesson. aSex role-- fiction aSchools-- fiction aSoccer- fiction